00776 2200265 4500001002100000005001700021008004100038020002200079035002400101040001200125082002200137084002200159090002200181100002100203245007400224260003500298300004000333500003100373650001600404700002700420850001200447990001700459990001700476990001700493INLIS00000000000073620141107092217.0  a978-602-9402-19-3 0010-111400000000095 aYOPDYOG aCoE 499.222 Mar S aCoE 499.222 Mar S aCoE 499.222 Mar S aMARDIWARSITO, L. aStruktur bahasa Jawa kunoc/ L. Mardiwarsito & Harimurti Kridalaksana aJakartabKomunitas Bambuc2012 a116 hlm.b: ilus. ;c21 cm [3 eks.] aBibliografi : hlm. 105-110 aBahasa Jawa aHarimurti Kridalaksana aYOPDYOG a2639-PD/B.14 a2640-PD/B.14 a2641-PD/B.14